Indians in India, Mauritius and South Africa (Record no. 502612)

000 -LEADER
fixed length control field 00455cam a22001577a 4500
008 - FIXED-LENGTH DATA ELEMENTS--GENERAL INFORMATION
fixed length control field 180718b2011 xxu||||| |||| 00| 0 eng d
020 ## - INTERNATIONAL STANDARD BOOK NUMBER
International Standard Book Number 9789994931170
082 ## - DEWEY DECIMAL CLASSIFICATION NUMBER
Classification number D8x54 D885
100 ## - MAIN ENTRY--PERSONAL NAME
Personal name Dukhira, Chit
245 ## - TITLE STATEMENT
Title Indians in India, Mauritius and South Africa
Statement of responsibility, etc. by Chit Dukhira
260 ## - PUBLICATION, DISTRIBUTION, ETC.
Place of publication, distribution, etc. Beau Bassin
Name of publisher, distributor, etc. Osman
Date of publication, distribution, etc. 2011
300 ## - PHYSICAL DESCRIPTION
Extent 567p.
650 ## - SUBJECT ADDED ENTRY--TOPICAL TERM
Topical term or geographic name entry element East Indian -South Africa
650 ## - SUBJECT ADDED ENTRY--TOPICAL TERM
Topical term or geographic name entry element East Indian -Mauritius
650 ## - SUBJECT ADDED ENTRY--TOPICAL TERM
Topical term or geographic name entry element East Indian diaspora
Holdings
Withdrawn status Lost status Damaged status Not for loan Permanent Location Current Location Date acquired Full call number Barcode Date last seen Price effective from Koha item type Source of classification or shelving scheme
        Indian Institute of Public Administration Indian Institute of Public Administration 2018-08-04 D8x54 D885 GR20420 2018-08-04 2018-08-04 GR  
        Indian Institute of Public Administration Indian Institute of Public Administration 2018-08-04 D8x54 D885 GR18827 2018-08-04 2018-08-04 GR  
        Indian Institute of Public Administration Indian Institute of Public Administration 2023-02-23 TNC D8x54 D885 GR24212 2023-02-23 2023-02-23 GR  

Powered by Koha